000 00453nam a2200133 a 4500
001 000034630
005 20200930073815.0
008 111011s1892 sp 000 0 spa d
040 _aDO-SdBNP
_bspa
_cBNPHU
082 _axxx
_bA939
245 0 0 _aAutógrafos de Cristobal Colón y papeles de américa. :
_blos publica la Duquesa de Berwick y de Alba condesa de Siruela.
260 _aMadrid, :
_bSucesores de Rivadeneyra,
_c1892.
300 _a203 p. ;
_c32 cm.
999 _c34121
_d34121